Music Quiz

Random Music or Art Quiz
Score 0/25 Timer 05:00
0 Plays Today
% Correct
Don't Shoot Me, I'm Only the Piano Player!
77.8%
Captain Fantastic and the Brown Dirt Cowboy
73.6%
Caribou
73.6%
Elton John
72.2%
A Single Man
70.8%
Madman Across the Water
69.4%
Goodbye Yellow Brick Road
68.1%
The Union
66.7%
21 at 33
65.3%
The Fox
65.3%
Honky Chateau
63.9%
Reg Strikes Back
63.9%
The Captain and the Kid
62.5%
% Correct
Tumbleweed Connection
56.9%
Songs from the West Coast
55.6%
Peachtree Road
55.6%
The One
55.6%
Leather Jackets
54.2%
Blue Moves
52.8%
Empty Sky (US Edition)
50%
The Big Picture
48.6%
Empty Sky (UK Edition)
47.2%
Breaking Hearts
47.2%
Jump Up!
47.2%
Wonderful Crazy Night
44.4%
Remove Ads.
Support Sporcle.
Get the best of Sporcle when you Go Orange. This ad-free experience offers more features, more stats, and more fun while also helping to support Sporcle. Thank you for becoming a member.

You're not logged in!

Compare scores with friends on all Sporcle quizzes.
OR
Log In

Sporcle TV

Today on Sporcle TV


Watch our educational content, quiz creation guides, and fun videos on Sporcle TV.

Show Comments

Extras

Top Quizzes Today


Score Distribution

Paid Content

Your Account Isn't Verified!

In order to create a playlist on Sporcle, you need to verify the email address you used during registration. Go to your Sporcle Settings to finish the process.

Report this User

Report this user for behavior that violates our Community Guidelines.

Details: